00503nam a2200193 a 4500001001300000003000900013005001700022008004100039020002300080082001600103100001800119245004000137260003800177300000900215500003500224505001000259650002200269700001800291nice12345678IN_TiNIC20260116013326.0050524s1993 newa grp 000 0 eng  a8185411 c30000a181.4bSIN1 aSingh, Ramjee aGandhi and the Twenty-First Century aNew DelhibPeace Publishersc1993 a244p aincludes index and biblioraphy2 aIndex aPhilosophy-Gandhi1 aSingh, Ramjee